Procesos para ingenieria de manufactura

Spremljeno u:
Bibliografski detalji
Glavni autor: Alting, Leo (Autor)
Format: Knjiga
Jezik:španjolski
Izdano: Ciudad de México Alfaomega 1990
Teme:
Oznake: Dodaj oznaku
Bez oznaka, Budi prvi tko označuje ovaj zapis!

MARC

LEADER 00000nam a2200000 a 4500
001 UCW2226
003 CL-VaPUC
008 930601e19900000MX |||||||||||||||||spa|d
082 0 4 |a 670  |b ALT  |2 21 
100 0 |a Alting, Leo  |e author  |9 306191 
245 1 0 |a Procesos para ingenieria de manufactura 
300 |a 369 p 
942 |c BK 
945 |d 19930601 00:00:00  |a mfernand 
260 |a Ciudad de México  |b Alfaomega  |c 1990 
650 7 |a PROCESOS DE FABRICACION  |2 CL-VaPUC  |9 306192 
650 7 |a INGENIERIA DE LA PRODUCCION  |2 CL-VaPUC  |9 262727 
583 |a last modification  |c 19930601 00:00:00  |k Rodrigo Vera 
999 |c 216824  |d 216822 
952 |0 0  |1 0  |4 0  |6 670_000000000000000_ALT_1990  |7 0  |8 A  |9 203127  |a BIBMEC  |b BIBMEC  |d 2019-11-15  |i 2703491  |o 670 ALT 1990  |p 2703491  |r 2024-01-19  |w 2019-11-15  |y BK  |k MEC 
952 |0 0  |1 0  |4 0  |6 670_000000000000000_ALT_1990  |7 0  |8 A  |9 203128  |a BIBMEC  |b BIBMEC  |d 2019-11-15  |i 301486K  |o 670 ALT 1990  |p 301486K  |r 2024-01-19  |w 2019-11-15  |y BK  |k MEC